000 00606nam a22001577a 4500
005 20120228152111.0
020 _a8178440253
_c750.00
035 _aB-120030
037 _aDPL
_bENG
100 _aBhatt, R.K.
_943168
245 _aUNESCO :
_bDevelopment of libraries and documentation centres in developing countries /
_cby R.K. Bhatt
260 _aNew Delhi
_bK.K. Publications
_c2004
300 _avarious pages
_c20 cms.
942 _2ddc
_cEN
_h027.01724
_mBHA
999 _c63571
_d63571